Where women are : (Record no. 30416)
[ view plain ]
| 000 -LEADER | |
|---|---|
| fixed length control field | 00904cam a2200253 i 4500 |
| 001 - CONTROL NUMBER | |
| control field | 20649806 |
| 005 - DATE AND TIME OF LATEST TRANSACTION | |
| control field | 20210317194646.0 |
| 008 - FIXED-LENGTH DATA ELEMENTS--GENERAL INFORMATION | |
| fixed length control field | 180829s2018 ke b 000 0 eng |
| 010 ## - LIBRARY OF CONGRESS CONTROL NUMBER | |
| LC control number | 2018354555 |
| 020 ## - INTERNATIONAL STANDARD BOOK NUMBER | |
| International Standard Book Number | 9789966028815 |
| 040 ## - CATALOGING SOURCE | |
| Original cataloging agency | DLC |
| Language of cataloging | eng |
| Description conventions | rda |
| Transcribing agency | DLC |
| 042 ## - AUTHENTICATION CODE | |
| Authentication code | lcode |
| -- | pcc |
| 043 ## - GEOGRAPHIC AREA CODE | |
| Geographic area code | f-ke--- |
| 050 00 - LIBRARY OF CONGRESS CALL NUMBER | |
| Classification number | HQ 1236.5 .K4W44 2018 |
| 245 00 - TITLE STATEMENT | |
| Title | Where women are : |
| Remainder of title | gender & the 2017 Kenyan elections / |
| Statement of responsibility, etc. | edited by: Nanjala Nyabola and Marie-Emmanuelle Pommerolle. |
| 260 ## - PUBLICATION, DISTRIBUTION, ETC. (IMPRINT) | |
| Place of publication, distribution, etc. | Nairobi : |
| Name of publisher, distributor, etc. | Twaweza Communications LTD, |
| Date of publication, distribution, etc. | c2017. |
| 300 ## - PHYSICAL DESCRIPTION | |
| Extent | 208 pages ; |
| Dimensions | 21 cm. |
| 504 ## - BIBLIOGRAPHY, ETC. NOTE | |
| Bibliography, etc | Includes bibliographical references. |
| 650 #0 - SUBJECT ADDED ENTRY--TOPICAL TERM | |
| Topical term or geographic name as entry element | Women |
| General subdivision | Political activity |
| Geographic subdivision | Kenya. |
| 700 1# - ADDED ENTRY--PERSONAL NAME | |
| Personal name | Nyabola, Nanjala, |
| Relator term | editor. |
| 700 1# - ADDED ENTRY--PERSONAL NAME | |
| Personal name | Pommerolle, Marie-Emmanuelle, |
| Relator term | editor. |
| 942 ## - ADDED ENTRY ELEMENTS (KOHA) | |
| Source of classification or shelving scheme | |
| Koha item type | Hard Covered Materials |
| Classification part | HQ 1236.5 .K4W44 2018 |
| Withdrawn status | Lost status | Source of classification or shelving scheme | Damaged status | Not for loan | Home library | Current library | Shelving location | Date acquired | Cost, normal purchase price | Total Checkouts | Full call number | Barcode | Date last seen | Price effective from | Koha item type |
|---|---|---|---|---|---|---|---|---|---|---|---|---|---|---|---|
| MACHAKOS UNIVERSITY LIBRARY | MACHAKOS UNIVERSITY LIBRARY | All Collections | 28/05/2019 | 1200.00 | HQ1236.5.K4W44 2018 | 38932 | 31/05/2019 | 28/05/2019 | Hard Covered Materials | ||||||
| MACHAKOS UNIVERSITY LIBRARY | MACHAKOS UNIVERSITY LIBRARY | All Collections | 28/05/2019 | HQ1236.5.K4W44 2018 | 38933 | 31/05/2019 | 28/05/2019 | Hard Covered Materials | |||||||
| MACHAKOS UNIVERSITY LIBRARY | MACHAKOS UNIVERSITY LIBRARY | All Collections | 28/05/2019 | HQ1236.5.K4W44 2018 | 38934 | 31/05/2019 | 28/05/2019 | Hard Covered Materials |